000 01336nam a2200325 c 4500
003 BLK
005 20231220005230.0
008 180408b bul|||||r ||||||| ||bul||
010 _aKNG00058838000
020 _a954-527-261-9
_bиздат.: Дамян Яков
040 _aBLK
041 _aBUL
_cBUL
080 _aАмериканска литература (на САЩ)
_b821.111(73)
_x-31
_z821.111(73)-31
100 1 _aСелинджър, Джеръм Дейвид
_eпърви автор
_9256487
700 _aКомогорова, Светлана Николаева
_9364272
139 _aСелинджър, Джеръм Дейвид
_bС 31
245 1 0 _aФрани и Зуи
_cДжеръм Дейвид Селинджър; прев. от англ. Светлана Николаева Комогорова.
257 _aUSA
260 София
_bДамян Яков
_c2005
_fВ. Търново : Абагар
300 _a176 с.
_c20 см
380 _aX
500 _aОриг. загл. Franny and Zooey / J. D. Salinger. - Офс. изд.
653 _aромани
852 _aЦб 226788
856 4 _qpdf
_u
856 4 _qpdf
_u
942 _cKNG
_n0
_07
944 _aCR
_c21.03.2006
_lCRON CRON
_k
944 _aED
_c05.01.2017
_lф /
_kВиолета_Тройчева
999 _c54876
_d54876